000 00601nam a2200217 i 4500
001 bgj
245 1 0 _aNaturalismus :
_bbürgerliche Dichtung und soziales Engagement /
_chrsg. von Helmut Scheuer.
260 _aStuttgart :
_bVerlag W. Kohlhammer,
_c1974.
300 _a264 s. ;
_c21 cm.
490 1 _aSprache und Literatur
_v91
650 9 _aLiteratura niemiecka
830 _aSprache und Literatur
020 _a3170015060
040 _cBPK
041 0 _ager
044 _aDEU
080 _a821.112.2
920 _a3-17-001506-0
942 _cKS
008 s gw f |000 0 ger
999 _c50952
_d50952
856 _uhttp://koha.tu.koszalin.pl/cgi-bin/koha/opac-detail.pl?biblionumber=50952
_yKatalog online BPK